Multiplicidad tecnológica, intensidad en el uso de la tierra y política económica agropecuaria en el sector pampeano argentino (Registro nro. 24791)
[ vista simple ]
| 000 -LEADER | |
|---|---|
| fixed length control field | 00418 a2200109 4500 |
| 001 - CONTROL NUMBER | |
| control field | ART_10504 |
| 005 - DATE AND TIME OF LATEST TRANSACTION | |
| control field | 20260410161848.0 |
| 008 - FIXED-LENGTH DATA ELEMENTS--GENERAL INFORMATION | |
| fixed length control field | 260409a |
| 100 1# - MAIN ENTRY--PERSONAL NAME | |
| Personal name | Sturzenegger, Adolfo |
| 245 10 - TITLE STATEMENT | |
| Title | Multiplicidad tecnológica, intensidad en el uso de la tierra y política económica agropecuaria en el sector pampeano argentino |
| 773 0# - HOST ITEM ENTRY | |
| Title | Económica |
| Related parts | - Año XXIV, Nº 1/2/3 (ene./dic.1978) |
| Record control number | REV7541 |
No hay ítems disponibles.